| 000 | 00553nam a2200181Ia 4500 | ||
|---|---|---|---|
| 008 | 140609s9999 xx 000 0 und d | ||
| 020 | _a9789715845380 | ||
| 050 |
_aQH 47 _b.B685 2007 |
||
| 100 | _aBojo, Zenaida P. | ||
| 245 |
_a(LET) reviewer in biological sciences / _cZenaida P. Bojo |
||
| 260 |
_aQuezon City, Philippines : _bC&E Publishing, Inc., _cc2007. |
||
| 300 |
_a110 p. : _bill. ; _c26 cm. |
||
| 440 | _a(Licensure examinations for teachers). | ||
| 500 | _aIncludes appendices. | ||
| 521 | _aGE | ||
| 942 |
_kLOC _cBK |
||
| 999 |
_c118239 _d118239 |
||